The green cleaner : how to clean nearly everything :
| Main Author: | |
|---|---|
| Format: | Book |
| Published: |
Australia :
Schwartz and Wilkinson ,
1989
|
| Subjects: |
MARC
| LEADER | 00000cam a2200000 7i4500 | ||
|---|---|---|---|
| 001 | 0000006026 | ||
| 002 | 000006513 | ||
| 005 | 20000330.0 | ||
| 020 | |a 1863440062 | ||
| 090 | 0 | 0 | |a 648.5 |b LOR |
| 100 | 1 | |a Lord, Barbara | |
| 245 | 1 | 4 | |a The green cleaner : |b how to clean nearly everything : |b environmentally safe |c Barbara Lord |
| 260 | |a Australia : |b Schwartz and Wilkinson , |c 1989 | ||
| 300 | |a 95p. ; |c 17cm. | ||
| 650 | 0 | 0 | |a House cleaning |
| 999 | |a 037854 |b BUKU |c PINJAMAN |e PERPUSTAKAAN KOMUNITI PETALING JAYA | ||